LEADER 01252nam a2200277 i 4500 001 000000192794 003 CaOOAMICUS 005 20100930000000.0 008 100930s2010 fr u000 u fre u 013 $a171428 020 $a978-2-204-09138-1 040 $aSeMil$bita 100 1 $aHumann, François-Marie <1970->.$0(OLS)http://semarc/name/70253 245 13$aLa relation de l'Esprit-Saint au Christ :$bune relecture d'Yves Congar /$cFrançois-Marie Humann. 260 $aParis :$bLes Éditions du Cerf,$c2010. 300 $aVI, 397 p. ;$c22 cm. 490 0 $aCogitatio Fidei [Cerf]v274 600 14$aCongar, Yves .$0(OLS)http://semarc/subject/2473 650 4$aSpirito Santo e Gesù Cristo.$0(OLS)http://semarc/subject/3762 830 0$aCogitatio Fidei ;$v274.$0(OLS)http://semarc/title/206 850 $aSeMil 852 $aSeMil$W1$xVenegono$y1$m2BA N 274$j143369$B143369$CSeMilBibl$Z2$F154825 $81 961 $aSottoscrizione: SODIS 996 $6020$a978-2-204-09138-1$9(OLS)http://semarc/number/184100 996 $6245$aLa relation de l'Esprit-Saint au Christ :$bune relecture d'Yves Congar$9(OLS)http://semarc/title/277907 996 $6260$aParis :$bLes Éditions du Cerf$9(OLS)http://semarc/publisher/29611 LEADER 01459nam a2200313 i 4500 001 000000070238 003 CaOOAMICUS 005 20080917000000.0 008 080917s1999 sw u000 u ger u 013 $a41410 020 $a91-554-4497-0 040 $aSeMil$bita 100 1 $aStrid, Ove.$0(OLS)http://semarc/name/34995 245 14$aDie Dryoper :$beine Untersuchung der Überlieferung /$cOve Strid. 260 $aUppsala :$bUppsala University Library,$c1999. 260 $aStockholm :$bElanders Gotab,$c1999. 300 $a126 p. :$b1 p. di tav., cart. geogr. ;$c24 cm. 490 0 $aActa Universitatis Upsaliensis. Studia graeca upsaliensia ;$v20 500 $aContiene: Testi greci di varie fonti. 650 4$aDriopi .$0(OLS)http://semarc/subject/14001 650 4$aLetteratura greca antica.$0(OLS)http://semarc/subject/14002 830 0$aActa Universitatis Upsaliensis. Studia graeca upsaliensia ;$v20.$0(OLS)http://semarc/title/514 850 $aSeMil 852 $aSeMil$W1$xVenegono$y1$m1Z VI 58$j237565$B36391$CSeMilBibl$Z2$F36394 $81 961 $aCambio: Scuola Cattolica 996 $6020$a91-554-4497-0$9(OLS)http://semarc/number/48973 996 $6245$aDie Dryoper :$beine Untersuchung der Überlieferung$9(OLS)http://semarc/title/112676 996 $6260$aStockholm :$bElanders Gotab$9(OLS)http://semarc/publisher/42889 996 $6260$aUppsala :$bUppsala University Library$9(OLS)http://semarc/publisher/39785